| 000 | 00805nam a2200277Ia 4500 | ||
|---|---|---|---|
| 003 | OSt | ||
| 005 | 20220925232818.0 | ||
| 006 | a|||||r|||| 00| 0 | ||
| 007 | ta | ||
| 008 | 220923b |||||||| |||| 00| 0 eng d | ||
| 020 | _a0070511586 | ||
| 037 | _cGeneral Book | ||
| 040 |
_aRTL _cRTL _beng |
||
| 041 |
_2eng _aeng |
||
| 082 | _aB311, L8 | ||
| 100 |
_aRalston Anthony _9297772 |
||
| 245 | 0 | _aFirdt course in numerical analysis | |
| 250 | _a2 | ||
| 260 |
_aNew York _bMacGraw Hill _c1978 |
||
| 300 |
_axix,556p. _ccm. |
||
| 490 | _aInternational series in Pure Applied Mathmatics.Ed by E H Spanier etc. | ||
| 650 | _aAnalysis | ||
| 700 |
_a Rabinowitz Phillip _9297773 |
||
| 942 |
_hB311, L8 _cGB _2CC |
||
| 999 |
_c592187 _d592187 |
||